[Event "Catalunya-ch"]
[Site "Salou"]
[Date "2025.05.18"]
[Round "1.2"]
[White "Villa Tornero, Alex"]
[Black "Lopez Martinez, Josep Manuel"]
[Result "0-1"]
[WhiteElo "2219"]
[BlackElo "2464"]
[PlyCount "80"]
[EventDate "2025.05.17"]
[EventType "k.o."]
[EventRounds "4"]
[EventCountry "ESP"]
[SourceTitle "CB22_2025"]
[SourceDate "2025.05.28"]
[SourceVersion "1"]
[SourceVersionDate "2025.05.28"]
[SourceQuality "1"]

1. e4 e6 2. d4 d5 3. Nc3 Nf6 4. e5 Nfd7 5. f4 c5 6. Nf3 Be7 7. Be3 0-0 8. Ne2 Qb6 9. Qc1 f6 10. c3 fxe5 11. fxe5 Nc6 12. h4 cxd4 13. cxd4 Bb4+ 14. Kf2 Rf7 15. h5 Nf8 16. g4 Bd7 17. g5 Rc8 18. Qb1 Be8 19. a3 Be7 20. Bh3 Na5 21. Nf4 Nc4 22. g6 hxg6 23. hxg6 Rxf4 24. Bxf4 Bxg6 25. Qe1 Nxb2 26. Kg3 Nd3 27. Qd2 Rc4 28. Be3 Qc6 29. Ra2 Rc3 30. Rha1 b5 31. Bf1 Be4 32. Bxd3 Rxd3 33. Qe2 Qe8 34. Rg1 Qh5 35. Kf2 Ng6 36. Rg3 Qf5 37. Kg1 Nf4 38. Bxf4 Qxf4 39. Qg2 Rd1+ 40. Kh2 Bh4 0-1

[Event "Catalunya-ch"]
[Site "Salou"]
[Date "2025.05.17"]
[Round "1.1"]
[White "Lopez Martinez, Josep Manuel"]
[Black "Villa Tornero, Alex"]
[Result "1-0"]
[WhiteElo "2464"]
[BlackElo "2219"]
[PlyCount "117"]
[EventDate "2025.05.17"]
[EventType "k.o."]
[EventRounds "4"]
[EventCountry "ESP"]
[SourceTitle "CB22_2025"]
[SourceDate "2025.05.28"]
[SourceVersion "1"]
[SourceVersionDate "2025.05.28"]
[SourceQuality "1"]

1. Nf3 c5 2. c4 b6 3. g3 Bb7 4. Bg2 Nf6 5. 0-0 e6 6. Nc3 Be7 7. d4 cxd4 8. Qxd4 0-0 9. Rd1 d6 10. b3 Nbd7 11. Bb2 a6 12. e4 Qc7 13. Rac1 Rfd8 14. Qe3 Rac8 15. Nd4 Qb8 16. f4 Qa8 17. Qe2 Nc5 18. Re1 b5 19. b4 Ncd7 20. cxb5 Qa7 21. Kh1 axb5 22. Ndxb5 Qa8 23. a3 Nb6 24. Rcd1 Nc4 25. Bc1 h5 26. h3 h4 27. g4 d5 28. e5 Ne4 29. Nxe4 dxe4 30. Rxd8+ Bxd8 31. Nd6 Nxd6 32. exd6 f5 33. Bb2 Qa4 34. gxf5 Rc2 35. Qd1 Qb3 36. Re2 Rxb2 37. Qxb3 Rxb3 38. fxe6 Bb6 39. Bxe4 Rxh3+ 40. Kg2 Rg3+ 41. Kh2 Bxe4 42. Rxe4 Re3 43. Rxe3 Bxe3 44. f5 Bf4+ 45. Kh3 Bxd6 46. Kxh4 Kf8 47. Kg5 Ke7 48. Kg6 Kf8 49. Kh5 Ke7 50. Kg5 Ke8 51. Kg4 Ke7 52. Kf3 g6 53. fxg6 Kxe6 54. Ke4 Kf6 55. Kd5 Bf8 56. Kc4 Kxg6 57. a4 Kf6 58. a5 Bh6 59. Kd5 1-0

[Event "Sunway Formentera op 4th"]
[Site "Sant Ferran de ses Roques"]
[Date "2025.05.06"]
[Round "7"]
[White "Lopez Martinez, Josep Manuel"]
[Black "Steinhauer, Artur"]
[Result "1-0"]
[WhiteElo "2460"]
[BlackElo "2090"]
[PlyCount "93"]
[EventDate "2025.04.29"]
[EventType "swiss"]
[EventRounds "10"]
[EventCountry "ESP"]
[SourceTitle "CB20_2025"]
[SourceDate "2025.05.14"]
[SourceVersion "1"]
[SourceVersionDate "2025.05.14"]
[SourceQuality "1"]

1. Nf3 d5 2. g3 Nf6 3. Bg2 Bf5 4. c4 c6 5. Qb3 Qb6 6. d3 e6 7. Be3 Qxb3 8. axb3 a6 9. Nh4 Bg6 10. h3 Nbd7 11. 0-0 Bd6 12. f4 0-0 13. g4 Rfe8 14. Nc3 Nf8 15. Bd4 N6d7 16. cxd5 cxd5 17. f5 exf5 18. Nxf5 Bxf5 19. gxf5 Ne5 20. Bxd5 Nc6 21. Bf2 Nd7 22. d4 Bb4 23. Bf3 Nf6 24. Ra4 Bxc3 25. bxc3 Rac8 26. Bh4 Nd7 27. e4 Nb6 28. Raa1 f6 29. Bf2 Nd7 30. Rfd1 Na7 31. c4 Nc6 32. Kg2 Nb6 33. Kg1 Nd7 34. Kg2 g6 35. fxg6 hxg6 36. h4 Re7 37. Bg3 Nf8 38. c5 Rd8 39. Bd6 Ree8 40. Kg3 Nd7 41. Kf4 Kf7 42. h5 Rh8 43. hxg6+ Kxg6 44. Bg4 Nf8 45. d5 Nb8 46. Rh1 Kf7 47. Bh5+ 1-0

[Event "Sunway Formentera op 4th"]
[Site "Sant Ferran de ses Roques"]
[Date "2025.05.05"]
[Round "6"]
[White "Omelja, Artem"]
[Black "Lopez Martinez, Josep Manuel"]
[Result "1-0"]
[WhiteElo "2397"]
[BlackElo "2460"]
[PlyCount "63"]
[EventDate "2025.04.29"]
[EventType "swiss"]
[EventRounds "10"]
[EventCountry "ESP"]
[SourceTitle "CB20_2025"]
[SourceDate "2025.05.14"]
[SourceVersion "1"]
[SourceVersionDate "2025.05.14"]
[SourceQuality "1"]

1. Nf3 e6 2. c4 d5 3. g3 d4 4. Bg2 Nc6 5. 0-0 a5 6. d3 Nf6 7. e3 Bc5 8. exd4 Nxd4 9. Nbd2 0-0 10. Nb3 Nxf3+ 11. Bxf3 Be7 12. d4 c6 13. Bf4 Bd6 14. Be5 Bxe5 15. dxe5 Nd7 16. Qe2 a4 17. Nc1 f6 18. Nd3 Nxe5 19. Nxe5 fxe5 20. Rad1 Qc7 21. Be4 b6 22. Qd3 g6 23. Qd6 Qxd6 24. Rxd6 Ba6 25. b3 Rfd8 26. Rfd1 Rxd6 27. Rxd6 axb3 28. axb3 Bb7 29. Rd7 Rb8 30. h4 Ba8 31. Ra7 Bb7 32. b4 1-0

[Event "Catalunya-chT Gp1 Title"]
[Site "Barcelona"]
[Date "2025.03.01"]
[Round "2.2"]
[White "Sosa, Tomas"]
[Black "Lopez Martinez, Josep Manuel"]
[Result "0-1"]
[WhiteElo "2517"]
[BlackElo "2454"]
[PlyCount "126"]
[EventDate "2025.02.22"]
[EventType "team-k.o."]
[EventRounds "4"]
[EventCountry "ESP"]
[SourceTitle "CB14_2025"]
[SourceDate "2024.11.01"]
[SourceVersion "1"]
[SourceVersionDate "2024.11.01"]
[SourceQuality "1"]
[WhiteTeam "Mollet"]
[BlackTeam "Colon Sabadell"]
[WhiteTeamCountry "ESP"]
[BlackTeamCountry "ESP"]

1. e4 e5 2. Nc3 Nf6 3. g3 Bc5 4. Bg2 d6 5. h3 Nc6 6. Nge2 a6 7. d3 h6 8. 0-0 Ba7 9. Kh2 h5 10. Be3 Bxe3 11. fxe3 h4 12. Qe1 Ne7 13. d4 Ng6 14. g4 c6 15. Kh1 Qe7 16. a4 a5 17. Rd1 0-0 18. Ng1 Re8 19. Rd2 Nh7 20. Nf3 b6 21. Qf2 Bb7 22. Rfd1 Rad8 23. Kg1 Ng5 24. Nxg5 Qxg5 25. d5 Qe7 26. Bf1 cxd5 27. Nxd5 Bxd5 28. Rxd5 Qc7 29. b3 Re6 30. Bc4 Rf6 31. Qg2 Nf8 32. Rf1 Rxf1+ 33. Qxf1 Ne6 34. Kg2 Qe7 35. Rd2 g6 36. Rf2 Kg7 37. Bd5 Rc8 38. Qb5 Qc7 39. c3 Ng5 40. c4 Qc5 41. Qxc5 bxc5 42. Rd2 Rb8 43. Rd3 Kf8 44. Bc6 Ke7 45. Bd5 Rb6 46. Rc3 f5 47. exf5 gxf5 48. gxf5 e4 49. Be6 Nxe6 50. fxe6 Kxe6 51. Kf2 Rb8 52. Ke2 Rg8 53. Kf2 Rg3 54. Rc1 Rf3+ 55. Ke2 Rxh3 56. Rf1 Rh2+ 57. Ke1 h3 58. Rf4 Ra2 59. Rh4 h2 60. Kf1 Kf5 61. Rh8 Kg4 62. Rh6 Ra1+ 63. Kg2 h1Q+ 0-1

[Event "Catalunya-chT Gp2"]
[Site "Barcelona"]
[Date "2025.02.15"]
[Round "5.1"]
[White "Gonzalez Garcia, Jose"]
[Black "Lopez Martinez, Josep Manuel"]
[Result "1/2-1/2"]
[WhiteElo "2454"]
[BlackElo "2451"]
[PlyCount "59"]
[EventDate "2025.01.18"]
[EventType "team-tourn"]
[EventRounds "5"]
[EventCountry "ESP"]
[SourceTitle "CB10_2025"]
[SourceDate "2025.03.05"]
[SourceVersion "1"]
[SourceVersionDate "2025.03.05"]
[SourceQuality "1"]
[WhiteTeam "Ateneu Colon"]
[BlackTeam "Colon Sabadell"]
[WhiteTeamCountry "ESP"]
[BlackTeamCountry "ESP"]

1. d4 d5 2. c4 e6 3. Nf3 Nf6 4. Nc3 Be7 5. Bg5 h6 6. Bh4 dxc4 7. e3 c5 8. Bxc4 cxd4 9. exd4 0-0 10. 0-0 Nc6 11. Re1 a6 12. Bb3 Nh5 13. Bxe7 Nxe7 14. d5 exd5 15. Nxd5 Nxd5 16. Qxd5 Qxd5 17. Bxd5 Nf4 18. Be4 Rb8 19. g3 Nh3+ 20. Kg2 Ng5 21. Nxg5 hxg5 22. Rad1 Be6 23. Bd5 Bxd5+ 24. Rxd5 Rbd8 25. Red1 Rxd5 26. Rxd5 Rc8 27. Rd7 b5 28. Rd6 Rc2 29. Rxa6 Rxb2 30. a4 1/2-1/2

[Event "Sitges Sunway op-A 11th"]
[Site "Sitges"]
[Date "2024.12.22"]
[Round "10"]
[White "Lopez Martinez, Josep Manuel"]
[Black "Song, Edward"]
[Result "1/2-1/2"]
[WhiteElo "2455"]
[BlackElo "2363"]
[PlyCount "108"]
[EventDate "2024.12.12"]
[EventType "swiss"]
[EventRounds "10"]
[EventCountry "ESP"]
[SourceTitle "CB52_2024"]
[SourceDate "2024.12.25"]
[SourceVersion "1"]
[SourceVersionDate "2024.12.25"]
[SourceQuality "1"]

1. Nf3 Nf6 2. c4 b6 3. g3 c5 4. Bg2 Bb7 5. 0-0 g6 6. d3 Bg7 7. e4 0-0 8. Nc3 Nc6 9. a3 Ne8 10. Rb1 Nc7 11. Nd5 Ne6 12. b4 d6 13. Kh1 h6 14. Bd2 Ncd4 15. Ng1 Nc7 16. Nc3 Rb8 17. Be3 e6 18. Qd2 Kh7 19. Nge2 Qd7 20. bxc5 dxc5 21. Bxd4 Bxd4 22. Nxd4 Qxd4 23. a4 Bc6 24. f4 Rbd8 25. Rbd1 f5 26. Rfe1 Rfe8 27. Nb5 Bxb5 28. axb5 a5 29. h3 Qf6 30. Kh2 Re7 31. exf5 exf5 32. Rxe7+ Qxe7 33. Re1 Qf6 34. Bc6 Rd6 35. Re5 Kg7 36. Bd5 Nxd5 37. cxd5 Qd8 38. Qc3 Kf7 39. Qc4 h5 40. d4 cxd4 41. Qxd4 Qc7 42. Re2 Rd8 43. h4 Qc5 44. Qe5 Qd6 45. Qe3 a4 46. Qd4 Qxd5 47. Qxb6 a3 48. Qa7+ Rd7 49. Qxa3 Qxb5 50. Qe3 Rb7 51. Qe6+ Kg7 52. Rd2 Kh7 53. Qf6 Qf1 54. Qe5 Rg7 1/2-1/2

[Event "Sitges Sunway op-A 11th"]
[Site "Sitges"]
[Date "2024.12.12"]
[Round "1"]
[White "Lopez Martinez, Josep Manuel"]
[Black "Eche, Sylvain"]
[Result "1-0"]
[WhiteElo "2455"]
[BlackElo "2047"]
[PlyCount "33"]
[EventDate "2024.12.12"]
[EventType "swiss"]
[EventRounds "10"]
[EventCountry "ESP"]
[SourceTitle "CB52_2024"]
[SourceDate "2024.12.25"]
[SourceVersion "1"]
[SourceVersionDate "2024.12.25"]
[SourceQuality "1"]

1. c4 Nf6 2. d4 g6 3. f3 d5 4. cxd5 Nxd5 5. e4 Nb6 6. Nc3 Bg7 7. Be3 0-0 8. Qd2 Nc6 9. 0-0-0 f5 10. e5 Nb4 11. Nh3 Be6 12. Kb1 Qd7 13. Nf4 Rfd8 14. h4 c5 15. dxc5 N6d5 16. Ncxd5 Bxd5 17. Qxb4 1-0

[Event "Sant Boi de Llobregat op 5th"]
[Site "Sant Boi de Llobregat"]
[Date "2024.12.02"]
[Round "4"]
[White "Lopez Martinez, Josep Manuel"]
[Black "Kraemer, Martin"]
[Result "1/2-1/2"]
[WhiteElo "2455"]
[BlackElo "2576"]
[PlyCount "68"]
[EventDate "2024.11.29"]
[EventType "swiss"]
[EventRounds "10"]
[EventCountry "ESP"]
[SourceTitle "CB50_2024"]
[SourceDate "2024.11.01"]
[SourceVersion "1"]
[SourceVersionDate "2024.11.01"]
[SourceQuality "2"]

1. d4 Nf6 2. c4 e6 3. Nf3 b6 4. g3 Ba6 5. b3 Bb4+ 6. Bd2 Be7 7. Nc3 d5 8. cxd5 exd5 9. Bg2 0-0 10. 0-0 Re8 11. Ne5 Bb7 12. Qc2 Nbd7 13. Rad1 c5 14. Be3 Rc8 15. Qb2 Nf8 16. dxc5 bxc5 17. Nd3 Ba8 18. Na4 d4 19. Bxa8 dxe3 20. Bf3 exf2+ 21. Nxf2 Qa5 22. Qc3 Qxc3 23. Nxc3 c4 24. bxc4 Rxc4 25. Nd5 Rc2 26. Nxe7+ Rxe7 27. a4 g6 28. Nd3 Ne6 29. Rc1 Ra2 30. Ra1 Rxa1 31. Rxa1 Nd4 32. Kf2 Ne4+ 33. Bxe4 Rxe4 34. Ra2 a5 1/2-1/2

[Event "Galdar op"]
[Site "Galdar"]
[Date "2024.09.07"]
[Round "7"]
[White "Movsziszian, Karen"]
[Black "Lopez Martinez, Josep Manuel"]
[Result "1/2-1/2"]
[WhiteElo "2444"]
[BlackElo "2448"]
[PlyCount "27"]
[EventDate "2024.09.02"]
[EventType "swiss"]
[EventRounds "9"]
[EventCountry "ESP"]
[SourceTitle "EXT 2025"]
[Source "ChessBase"]
[SourceDate "2024.10.14"]
[SourceVersion "1"]
[SourceVersionDate "2024.10.14"]
[SourceQuality "1"]

1. Nf3 c5 2. g3 Nc6 3. Bg2 g6 4. 0-0 Bg7 5. d3 d6 6. c4 e6 7. Nc3 Nge7 8. a3 0-0 9. Rb1 b6 10. Bd2 Bb7 11. b4 Qd7 12. e4 Rad8 13. Qc1 Ba8 14. Bh6 1/2-1/2

[Event "Galdar op"]
[Site "Galdar"]
[Date "2024.09.06"]
[Round "6"]
[White "Lopez Martinez, Josep Manuel"]
[Black "Beerdsen, Thomas"]
[Result "1/2-1/2"]
[WhiteElo "2448"]
[BlackElo "2509"]
[PlyCount "58"]
[EventDate "2024.09.02"]
[EventType "swiss"]
[EventRounds "9"]
[EventCountry "ESP"]
[SourceTitle "EXT 2025"]
[Source "ChessBase"]
[SourceDate "2024.10.14"]
[SourceVersion "1"]
[SourceVersionDate "2024.10.14"]
[SourceQuality "1"]

1. d4 d5 2. c4 e6 3. Nc3 Nf6 4. cxd5 exd5 5. Bg5 c6 6. e3 h6 7. Bh4 Be7 8. Bd3 0-0 9. Nf3 Ne4 10. Bg3 Nxg3 11. hxg3 Nd7 12. Qc2 Re8 13. Bh7+ Kf8 14. Bf5 Nf6 15. 0-0 Bd6 16. a3 Bxf5 17. Qxf5 g6 18. Qc2 Kg7 19. Rfe1 Ne4 20. Nxe4 dxe4 21. Nd2 Qe7 22. Nc4 Bc7 23. Qc3 Qf6 24. Red1 Rad8 25. Na5 Rb8 26. Nc4 Rbd8 27. Na5 Bxa5 28. Qxa5 h5 29. d5 Re5 1/2-1/2

[Event "Galdar op"]
[Site "Galdar"]
[Date "2024.09.03"]
[Round "3"]
[White "Domalchuk Jonasson, Aleksandr"]
[Black "Lopez Martinez, Josep Manuel"]
[Result "0-1"]
[WhiteElo "2366"]
[BlackElo "2448"]
[PlyCount "70"]
[EventDate "2024.09.02"]
[EventType "swiss"]
[EventRounds "9"]
[EventCountry "ESP"]
[SourceTitle "EXT 2025"]
[Source "ChessBase"]
[SourceDate "2024.10.14"]
[SourceVersion "1"]
[SourceVersionDate "2024.10.14"]
[SourceQuality "1"]

1. c4 e6 2. Nc3 d5 3. d4 h6 4. Nf3 Nf6 5. e3 a6 6. a3 c5 7. dxc5 Bxc5 8. b4 Bd6 9. Ra2 a5 10. b5 0-0 11. Rd2 Qe7 12. cxd5 exd5 13. Nxd5 Nxd5 14. Rxd5 Bxa3 15. Bxa3 Qxa3 16. Ne5 Be6 17. Rd4 Qc5 18. Nd3 Qxb5 19. Nf4 Qb6 20. Nxe6 Qxe6 21. Bb5 Qb6 22. Qh5 Nc6 23. Rf4 a4 24. 0-0 Ra5 25. Rf5 g6 26. Qxh6 Rxb5 27. Rf6 Qc7 28. f4 Qe7 29. Rxg6+ fxg6 30. Qxg6+ Qg7 31. Qe6+ Qf7 32. Qg4+ Kh8 33. Rf3 Rb1+ 34. Kf2 Qa2+ 35. Kg3 Rg8 0-1

[Event "ESP-chT Rapid"]
[Site "Ubeda"]
[Date "2024.08.25"]
[Round "2.1"]
[White "Lopez Martinez, Josep Manuel"]
[Black "Shirov, Alexei"]
[Result "0-1"]
[WhiteElo "2453"]
[BlackElo "2665"]
[PlyCount "113"]
[EventDate "2024.08.25"]
[EventType "team-swiss (rapid)"]
[EventRounds "7"]
[EventCountry "ESP"]
[SourceTitle "CBM 221 Extra"]
[Source "ChessBase"]
[SourceDate "2024.09.30"]
[SourceVersion "1"]
[SourceVersionDate "2024.09.30"]
[SourceQuality "1"]
[WhiteTeam "La Zubia"]
[BlackTeam "Jaime Casas"]
[WhiteTeamCountry "ESP"]
[BlackTeamCountry "ESP"]

1. d4 d5 2. c4 c6 3. Nf3 Nf6 4. e3 Bf5 5. Nc3 e6 6. Nh4 Be4 7. f3 Bg6 8. Qb3 Qc7 9. Bd2 Be7 10. Nxg6 hxg6 11. 0-0-0 a6 12. cxd5 cxd5 13. Kb1 Nc6 14. Rc1 Nd7 15. e4 Nxd4 16. Qa4 Nc6 17. exd5 Nb6 18. Qb3 exd5 19. Bf4 Qxf4 20. Qxb6 0-0 21. Bd3 Nb4 22. Rcd1 Rac8 23. a3 Bc5 24. Qa5 Nxd3 25. Rxd3 d4 26. Ne4 Ba7 27. h4 Qc7 28. Qa4 Qc4 29. Qxc4 Rxc4 30. h5 gxh5 31. Rxh5 Rd8 32. f4 f6 33. f5 Rc6 34. Rdh3 Kf7 35. Rh7 Bc5 36. Rd3 Bf8 37. Rh8 Rd5 38. g4 Rc7 39. Nd2 Re7 40. Nf3 Re4 41. Rh4 Rf4 42. Kc2 Bd6 43. Kd2 Rb5 44. Kc2 Be5 45. b4 a5 46. Kb3 axb4 47. axb4 Bd6 48. Kc4 Rxb4+ 49. Kd5 Bc7 50. Nxd4 Be5 51. Ne6 Rb5+ 52. Nc5 b6 53. Kc6 Rxc5+ 54. Kxb6 Rc7 55. Rh8 Rb4+ 56. Ka5 Rb1 57. Ka6 0-1

[Event "ESP-chT CECLUB Div1"]
[Site "Linares"]
[Date "2024.08.23"]
[Round "6.2"]
[White "Pichot, Alan"]
[Black "Lopez Martinez, Josep Manuel"]
[Result "1-0"]
[WhiteElo "2638"]
[BlackElo "2453"]
[PlyCount "53"]
[EventDate "2024.08.18"]
[EventType "team-tourn"]
[EventRounds "7"]
[EventCountry "ESP"]
[SourceTitle "CBM 221 Extra"]
[Source "ChessBase"]
[SourceDate "2024.09.30"]
[SourceVersion "1"]
[SourceVersionDate "2024.09.30"]
[SourceQuality "1"]
[WhiteTeam "Oromana CEN Solutions"]
[BlackTeam "Granada Aimpulsa"]
[WhiteTeamCountry "ESP"]
[BlackTeamCountry "ESP"]

1. e4 e5 2. Nf3 Nc6 3. Bc4 Bc5 4. d3 Nf6 5. c3 a5 6. 0-0 d6 7. Bg5 h6 8. Bh4 g5 9. Bg3 Qe7 10. Nbd2 Ba7 11. Re1 Nh7 12. Nf1 h5 13. h4 g4 14. N3d2 Nf8 15. Ne3 Bxe3 16. fxe3 Ng6 17. Rf1 0-0 18. Rf5 Bxf5 19. exf5 Nh8 20. Ne4 Kh7 21. f6 Qd7 22. d4 Ng6 23. Ng5+ Kh8 24. Qd3 e4 25. Qxe4 Rae8 26. Qd5 Rxe3 27. Nf3 1-0

[Event "Andorra op 40th"]
[Site "Escaldes"]
[Date "2024.07.27"]
[Round "8"]
[White "Moya Nunez, Pau Salvador"]
[Black "Lopez Martinez, Josep Manuel"]
[Result "1/2-1/2"]
[WhiteElo "2128"]
[BlackElo "2463"]
[PlyCount "118"]
[EventDate "2024.07.20"]
[EventType "swiss"]
[EventRounds "9"]
[EventCountry "AND"]
[SourceTitle "CBM 221 Extra"]
[Source "ChessBase"]
[SourceDate "2024.09.30"]
[SourceVersion "1"]
[SourceVersionDate "2024.09.30"]
[SourceQuality "1"]

1. e4 c6 2. Nc3 d5 3. Nf3 g6 4. d4 Bg7 5. h3 dxe4 6. Nxe4 Nf6 7. Nxf6+ exf6 8. Bc4 0-0 9. 0-0 Nd7 10. a4 a5 11. Re1 Nb6 12. Bb3 Nd5 13. Bd2 Qc7 14. Qc1 Be6 15. c4 Ne7 16. Bf4 Qd8 17. Qd2 Qd7 18. Rad1 Rfd8 19. Be3 Qc7 20. Bf4 Qb6 21. Re3 Qa6 22. Qe2 Nf5 23. Re4 Qb6 24. Ba2 c5 25. d5 Bd7 26. b3 Bf8 27. g4 Nd6 28. Re3 Re8 29. Re1 Rxe3 30. Qxe3 Re8 31. Qd3 Rxe1+ 32. Nxe1 f5 33. g5 Ne4 34. Nf3 Qd8 35. Qe3 b6 36. Bb1 Nd6 37. Bc2 Ne8 38. Kg2 Bd6 39. h4 f6 40. Bxd6 Nxd6 41. Qf4 Qe7 42. gxf6 Qxf6 43. Ne5 Be8 44. Nf3 Bf7 45. Ng5 Qe7 46. Nf3 Be8 47. Kg3 Kg7 48. Ng5 Bd7 49. Nf3 h6 50. Kg2 Nf7 51. Qc7 Qd6 52. Qxd6 Nxd6 53. Ne5 Bc8 54. f4 Kf6 55. Kf3 g5 56. hxg5+ hxg5 57. Ke3 Ne8 58. Bd1 g4 59. Be2 Nd6 1/2-1/2